| 000 | 00514nam a2200181Ia 4500 | ||
|---|---|---|---|
| 005 | 20250508151753.0 | ||
| 008 | 008 250505s9999 xx 000 0 eng d | ||
| 037 | _aTextual | ||
| 040 |
_aFEDL _beng _cFEDL |
||
| 041 |
_aeng _2eng |
||
| 084 |
_a372.954, CHA _qFEDL |
||
| 100 |
_aChatterjee N C _9345762 |
||
| 245 | 0 | _aResearches on basic education | |
| 260 |
_aBombay, India _bThe Indian Institute of Education |
||
| 300 | _a114p. | ||
| 942 |
_cTEXL _h372.954, CHA |
||
| 999 |
_c1332047 _d1332047 |
||